Estadísticas para Formas de país en el mapa mundial #5

Haz click aquí para intentar la prueba.

Estadísticas generales

  • Esta prueba ha sido intentada 106 veces
  • La puntuación promedio es 16 de 20

Respuestas en el mapa

Las respuestas están codificadas por una escala verde-roja en el mapa de la prueba según el % correcto abajo.
 

Estadísticas de respuestas

país% Correcto
Colombia
97%
Rusia
94%
India
92%
Reino Unido
92%
Uruguay
90%
Alemania
89%
Sudán
89%
Sudáfrica
86%
Guatemala
84%
Malí
84%
Surinam
84%
Zambia
79%
Myanmar
76%
Ghana
75%
Hungría
73%
Bosnia y
Herzegovina
71%
Afganistán
70%
Emiratos Árabes
Unidos
70%
Jordania
70%
Kiribati
68%

Distribución de puntuación

Porcentaje por número respondido

Porcentaje de gente con cada puntuación

Historial de tus puntuaciones

No has intentado esta prueba.